[Event "Reykjavik op"]
[Site "Reykjavik"]
[Date "2025.04.12"]
[Round "5"]
[White "Rajkumar, Daniel"]
[Black "Cramling Bellon, Anna"]
[Result "1/2-1/2"]
[WhiteElo "1855"]
[BlackElo "2046"]
[PlyCount "133"]
[EventDate "2025.04.09"]
[EventType "swiss"]
[EventRounds "9"]
[EventCountry "ISL"]
[SourceTitle "CB17_2025"]
[SourceDate "2025.04.23"]
[SourceVersion "1"]
[SourceVersionDate "2025.04.23"]
[SourceQuality "1"]

1. Nf3 d5 2. d4 Nf6 3. Bf4 e6 4. c3 Bd6 5. Bxd6 Qxd6 6. e3 c5 7. Nbd2 Nc6 8. Bb5 0-0 9. 0-0 Bd7 10. a4 a6 11. Bxc6 Bxc6 12. Ne5 Nd7 13. Nxd7 Bxd7 14. Nf3 f6 15. Qd2 e5 16. Rfd1 cxd4 17. cxd4 e4 18. Ne1 Rac8 19. a5 f5 20. g3 g5 21. Ng2 Rf6 22. Rac1 Rcf8 23. Qc3 Bc6 24. Kf1 Rh6 25. h4 Qg6 26. Ke2 Qh5+ 27. Kf1 gxh4 28. Nxh4 Bb5+ 29. Kg2 Be2 30. Rg1 Qf3+ 31. Kh2 Qxf2+ 32. Rg2 Qf3 33. Qd2 Bc4 34. Qf2 Qh5 35. Qf4 Rg6 36. Qe5 Rg4 37. b3 Re8 38. Qf6 Rg6 39. Qxf5 Qxf5 40. Nxf5 Bb5 41. Rc7 Rf6 42. g4 Kh8 43. Kg3 Rd8 44. Rxb7 Bd7 45. Rh2 Rf7 46. Rc2 h5 47. Rh2 Rh7 48. Nd6 Rg8 49. Rh4 Bxg4 50. Rxh7+ Kxh7 51. Kf4 Rb8 52. Ke5 Rxb3 53. Kxd5 Rxe3 54. Nxe4 Bf3 55. Ke5 Kg6 56. d5 Rxe4+ 57. Rxe4 Bxe4 58. Kxe4 Kf6 59. Kf4 h4 60. Kg4 Ke5 61. Kxh4 Kxd5 62. Kg3 Kc4 63. Kf2 Kb4 64. Ke1 Kxa5 65. Kd1 Ka4 66. Kc1 Ka3 67. Kb1 1/2-1/2

[Event "Senta Fantastico op 03"]
[Site "Senta"]
[Date "2025.02.10"]
[Round "9.20"]
[White "Rajkumar, Daniel"]
[Black "Zhou, Yuxu"]
[Result "1/2-1/2"]
[WhiteElo "1778"]
[BlackElo "2037"]
[PlyCount "105"]
[EventDate "2025.02.05"]
[EventType "swiss"]
[EventRounds "9"]
[EventCountry "SRB"]
[SourceTitle "CB08_2025"]
[SourceDate "2025.02.19"]
[SourceVersion "1"]
[SourceVersionDate "2025.02.19"]
[SourceQuality "1"]

1. c4 e5 2. g3 Nf6 3. Bg2 Bc5 4. Nc3 c6 5. e3 0-0 6. Nge2 Qe7 7. 0-0 d6 8. h3 a5 9. d4 Ba7 10. b3 Ne8 11. dxe5 dxe5 12. a4 Na6 13. Ba3 Nb4 14. Na2 Bc5 15. Nxb4 Bxb4 16. Bxb4 Qxb4 17. Qc2 Be6 18. Qc3 Qc5 19. Nc1 f6 20. Nd3 Qe7 21. Rfd1 Nc7 22. Ne1 Na6 23. Nd3 Qc7 24. Ne1 Rad8 25. Rac1 b6 26. Qc2 Nb4 27. Qe2 c5 28. Nd3 Nc6 29. Nb2 Ne7 30. Rxd8 Rxd8 31. Rd1 g6 32. Rxd8+ Qxd8 33. Nd1 Qd7 34. Kh2 Kg7 35. Nc3 Bf5 36. e4 Be6 37. Nd5 Nc6 38. Qf3 Qd8 39. Qd3 Nd4 40. h4 Qd6 41. Bh3 Bf7 42. Kg2 h5 43. Qe3 Be8 44. Qd3 g5 45. Kh2 g4 46. Bg2 Bg6 47. f3 gxf3 48. Bxf3 Qe6 49. Qd1 Kh6 50. Qd2+ Kg7 51. Qd1 Kh6 52. Qd2+ Kh7 53. Qd1 1/2-1/2

[Event "Senta Fantastico op 03"]
[Site "Senta"]
[Date "2025.02.07"]
[Round "5.21"]
[White "Kecskemeti, Arpad"]
[Black "Rajkumar, Daniel"]
[Result "1-0"]
[WhiteElo "2192"]
[BlackElo "1778"]
[PlyCount "79"]
[EventDate "2025.02.05"]
[EventType "swiss"]
[EventRounds "9"]
[EventCountry "SRB"]
[SourceTitle "CB08_2025"]
[SourceDate "2025.02.19"]
[SourceVersion "1"]
[SourceVersionDate "2025.02.19"]
[SourceQuality "1"]

1. e4 e6 2. d4 d5 3. Nc3 dxe4 4. Nxe4 Nd7 5. Nf3 Ngf6 6. Bd3 Nxe4 7. Bxe4 Nf6 8. Bg5 Be7 9. Bd3 Bd7 10. Ne5 Bc8 11. c3 Nd7 12. Bxe7 Qxe7 13. Qe2 Nxe5 14. dxe5 Bd7 15. Be4 c6 16. Qe3 b6 17. 0-0-0 0-0 18. Qd3 Rfd8 19. Bxh7+ Kf8 20. Qe3 Qh4 21. Be4 Qh6 22. Qxh6 gxh6 23. Rxd7 Rxd7 24. Bxc6 Rad8 25. Bxd7 Rxd7 26. Rd1 Rc7 27. Rd4 Rc5 28. f4 Ke7 29. Kd2 Rc8 30. Ke3 h5 31. g3 Rg8 32. Kf3 f6 33. exf6+ Kxf6 34. Rd7 Ra8 35. h3 b5 36. g4 hxg4+ 37. hxg4 a5 38. Ke4 b4 39. g5+ Kg6 40. Re7 1-0

[Event "American Continental Blitz 18th"]
[Site "Medellin"]
[Date "2024.05.29"]
[Round "5"]
[White "Molano, Walter Rene"]
[Black "Rajkumar, Daniel"]
[Result "0-1"]
[WhiteElo "1762"]
[BlackElo "1577"]
[PlyCount "71"]
[EventDate "2024.05.29"]
[EventType "swiss (blitz)"]
[EventRounds "9"]
[EventCountry "COL"]
[SourceTitle "CBM 220 Extra"]
[Source "ChessBase"]
[SourceDate "2024.07.31"]
[SourceVersion "1"]
[SourceVersionDate "2024.07.31"]
[SourceQuality "1"]

1. e4 e6 2. d4 d5 3. Nc3 Nf6 4. Bd3 dxe4 5. Bxe4 Nbd7 6. Nge2 Nxe4 7. Nxe4 Be7 8. Be3 Nf6 9. N4g3 b6 10. 0-0 Bb7 11. f3 0-0 12. c3 Qd7 13. Qd2 Rfd8 14. Rad1 a5 15. a3 Nd5 16. Nf4 Nxe3 17. Qxe3 Ba6 18. Rfe1 h6 19. Nh3 Bd6 20. Ne4 Bb7 21. Nxd6 Qxd6 22. Qe5 Qxe5 23. Rxe5 Rd7 24. Rde1 Rad8 25. f4 Rd5 26. Nf2 Kf8 27. Ne4 Rxe5 28. fxe5 Bxe4 29. Rxe4 c5 30. Kf2 Rd5 31. Ke3 Ke7 32. h4 cxd4+ 33. Rxd4 Rxe5+ 34. Re4 Rxe4+ 35. Kxe4 Kd6 36. Ke3 0-1

[Event "American Continental 18th"]
[Site "Medellin"]
[Date "2024.05.27"]
[Round "6"]
[White "Torres Sanchez, Juan Camilo"]
[Black "Rajkumar, Daniel"]
[Result "1/2-1/2"]
[WhiteElo "1722"]
[BlackElo "1577"]
[PlyCount "61"]
[EventDate "2024.05.24"]
[EventType "swiss"]
[EventRounds "11"]
[EventCountry "COL"]
[SourceTitle "CBM 220 Extra"]
[Source "ChessBase"]
[SourceDate "2024.07.31"]
[SourceVersion "1"]
[SourceVersionDate "2024.07.31"]
[SourceQuality "1"]

1. Nf3 Nf6 2. c4 e6 3. e3 d5 4. Nc3 c6 5. b3 g6 6. Bb2 Bg7 7. Qc2 Nbd7 8. Ba3 Bf8 9. Bxf8 Nxf8 10. Be2 N8d7 11. Rc1 Qe7 12. 0-0 0-0 13. Rfe1 e5 14. cxd5 Nxd5 15. Ne4 N7f6 16. d4 Nxe4 17. Qxe4 exd4 18. Qxd4 Qf6 19. Qc4 Be6 20. Qc2 Rad8 21. a3 Qe7 22. b4 Bf5 23. Qb3 Be6 24. Nd4 Nf4 25. Bc4 Bxc4 26. Qxc4 Ne6 27. Nxe6 Qxe6 28. Qxe6 fxe6 29. Rcd1 Kf7 30. Kf1 Ke7 31. Ke2 1/2-1/2